Sin temor a la noche / (Record no. 183488)
[ view plain ]
| 000 -LEADER | |
|---|---|
| campo de control de longitud fija | 00962nam a2200277 i 4500 |
| 001 - NÚMERO DE CONTROL | |
| campo de control | 183488 |
| 003 - IDENTIFICADOR DE NÚMERO DE CONTROL | |
| campo de control | ES-MaACL |
| 005 - FECHA Y HORA DE LA ÚLTIMA TRANSACCIÓN | |
| campo de control | 20240314063031.0 |
| 008 - DATOS DE LONGITUD FIJA--INFORMACIÓN GENERAL | |
| campo de control de longitud fija | 140702s2013 sp a |||| | spa d |
| 020 ## - NÚMERO INTERNACIONAL ESTÁNDAR DEL LIBRO | |
| Número Internacional Estándar del Libro | 978-84-15750-40-6 |
| 040 ## - FUENTE DE CATALOGACIÓN | |
| Centro/agencia transcriptor | ES-MaACL |
| 080 ## - NÚMERO DE LA CLASIFICACIÓN DECIMAL UNIVERSAL | |
| Número de la Clasificación Decimal Universal | 821.134.2-32"19" |
| 100 1# - ENTRADA PRINCIPAL--NOMBRE DE PERSONA | |
| Nombre de persona | Rebate, Carlos. |
| 9 (RLIN) | 154892 |
| Término indicativo de función/relación | Autor |
| 245 10 - MENCIÓN DEL TÍTULO | |
| Título | Sin temor a la noche / |
| Mención de responsabilidad, etc. | Carlos Rebate y Lucía Rebate. |
| 250 ## - MENCION DE EDICION | |
| Mención de edición | 1ª ed. en esta colección. |
| 260 ## - PUBLICACIÓN, DISTRIBUCIÓN, ETC. | |
| Lugar de publicación, distribución, etc. | Barcelona : |
| Nombre del editor, distribuidor, etc. | Plataforma Editorial, |
| Fecha de publicación, distribución, etc. | 2013. |
| 300 ## - DESCRIPCIÓN FÍSICA | |
| Extensión | 98 páginas : |
| Otras características físicas | ilustraciones ; |
| Dimensiones | 22 cm. |
| 490 1# - MENCIÓN DE SERIE | |
| Mención de serie | Plataforma actual |
| 700 1# - ENTRADA AGREGADA--NOMBRE PERSONAL | |
| Nombre de persona | Rebate, Lucía. |
| 9 (RLIN) | 154893 |
| Término indicativo de función/relación | Autor |
| 830 ## - PUNTO DE ACCESO ADICIONAL DE SERIE-TÍTULO UNIFORME | |
| Título uniforme | Plataforma actual |
| 9 (RLIN) | 192007 |
| 852 ## - LOCALIZACIÓN | |
| Ubicación | ES-MaACL |
| Sublocalización o colección | R.149955 |
| Ubicación en estantería | Depósito 1 |
| Signatura antigua | Olim: N-6102 |
| Anotaciones manuscritas | Dedicatoria autógrafa del autor |
| Donativo/Legado | Donación: Carlos Rebate |
| Número de control de estantería | A-13102 |
| itemnumber | 190428 |
| 903 ## - NOMBRE PERSONAL DE DONANTE | |
| 9 | 154892 |
| a | Rebate, Carlos |
| e | Donante |
| 942 ## - ELEMENTOS DE ENTRADA SECUNDARIOS (KOHA) | |
| Tipo de ítem Koha | Libro impreso |
| Suprimir en OPAC | No |
| Estatus retirado | Estado de pérdida | Fuente del sistema de clasificación o colocación | Estado de daño | No para préstamo | Colección | Biblioteca de origen | Biblioteca actual | Ubicación en estantería | Fecha de adquisición | Fuente de adquisición | Total de préstamos | Signatura topográfica completa | Código de barras | Visto por última vez | Tipo de ítem Koha | Nota pública |
|---|---|---|---|---|---|---|---|---|---|---|---|---|---|---|---|---|
| Clasificación decimal universal | Libros con dedicatorias | Biblioteca del Ateneo de Madrid | Biblioteca del Ateneo de Madrid | Depósito 1 | 02/07/2014 | Donación | A-13102 | 1192863 | 23/02/2023 | Libro impreso | Dedicatoria autógrafa del autor |
